| 000 | 01003nam a2200277Ia 4500 | ||
|---|---|---|---|
| 003 | OSt | ||
| 005 | 20221005105043.0 | ||
| 006 | a|||||r|||| 00| 0 | ||
| 007 | ta | ||
| 008 | 221004b |||||||| |||| 00| 0 hin d | ||
| 020 | _cINR 60.00 | ||
| 024 | _a37751 | ||
| 037 |
_b1518, 21/02/2018, Bookwell _cTextual |
||
| 040 |
_aCRL _cCRL _bhin |
||
| 041 |
_2hin _ahin |
||
| 082 | _a4:(J), 152N2 | ||
| 100 | _aपाराशर, रामकृष्ण, ले. | ||
| 245 | 0 | _aकृषि पत्रकारिता | |
| 246 | _aKṛuṣhi patrakāritā | ||
| 260 |
_aदिल्ली _bहिंदी माध्यम कार्यान्वय निदेशालय भारत _c1992 |
||
| 300 |
_a384पृ0 _ccm. |
||
| 650 | _a पत्रकारिता | ||
| 650 | _aभारतीय-कृषि | ||
| 942 |
_h4:(J), 152N2 _cTEXL _2cc |
||
| 999 |
_c1014601 _d1014601 |
||